| 000 | 00520nam a2200133 a 4500 | ||
|---|---|---|---|
| 001 | 000040518 | ||
| 005 | 20201002034203.0 | ||
| 008 | 130829s2009 dr 000 0 spa d | ||
| 040 |
_aDO-SdBNP _bspa _cBNPHU |
||
| 245 | 0 | 0 | _aDiagnóstico institucional a 280 organizaciones de la sociedad civil dominicana /. |
| 260 |
_aSanto Domingo : _bPrograma de Iniciativas Locales de la Sociedad Civil, _c2009. |
||
| 300 |
_a95 p. : _bil., retrs., gráf. ; _c22 cm. |
||
| 710 | 2 |
_aPrograma de Iniciativas Locales de la Sociedad Civil _966821 |
|
| 999 |
_c40008 _d40008 |
||